<?xml version="1.0" encoding="UTF-8"?>
<record
    xmlns:xsi="http://www.w3.org/2001/XMLSchema-instance"
    xsi:schemaLocation="http://www.loc.gov/MARC21/slim http://www.loc.gov/standards/marcxml/schema/MARC21slim.xsd"
    xmlns="http://www.loc.gov/MARC21/slim">

  <leader>01190    a2200169   4500</leader>
  <controlfield tag="003">Nust</controlfield>
  <controlfield tag="005">20230131134734.0</controlfield>
  <datafield tag="040" ind1=" " ind2=" ">
    <subfield code="c">Nust</subfield>
  </datafield>
  <datafield tag="082" ind1=" " ind2=" ">
    <subfield code="a">808.83,POE</subfield>
  </datafield>
  <datafield tag="100" ind1=" " ind2=" ">
    <subfield code="a">Poe, Edgar Allan</subfield>
    <subfield code="9">1272</subfield>
  </datafield>
  <datafield tag="245" ind1=" " ind2=" ">
    <subfield code="a">Every Man"s Library / </subfield>
    <subfield code="c">Edgar Allan Poe and Edit: Ernest Rhys</subfield>
  </datafield>
  <datafield tag="260" ind1=" " ind2=" ">
    <subfield code="a">New York</subfield>
    <subfield code="b">J.M.Dent &amp; Son</subfield>
  </datafield>
  <datafield tag="300" ind1=" " ind2=" ">
    <subfield code="a">526:</subfield>
  </datafield>
  <datafield tag="505" ind1=" " ind2=" ">
    <subfield code="a">WWilliam Wilson  (Page-3), A Talks of The Ragged Mountains (Page-21), The Domain of Arnheim (Page-45), Landor&#x2019;s Cottage (Page-45), The Elk (Page-56),The Island of The Fax (Page-60), The Sphinx (Page-65), The Cold Bug (Page-69), The Man of The Growd (Page-101), Shadow (Page-109), Silenck (Page-111), The Assignation (Page-145), Ligeia (Page-155), Mrella (Page-182), The oval Portrait (Page-187), The Masque of The Red Death (Page-201), The Cask of Amontillado (Page-207), Metzengerstein (Page-213), Hope Frog (Page-234),MS Found in a Bottle (Page-258), The Premature Burial (Page-268), The Tell Tale Heart (Page-289), Mellonta Tauta (Page-294), The Oblong Box (Page-323), The Spectacles (Page-333), Bon Bon (Page-496),The Drvil The Belfry (page-511) The Black Cat (Page-518) </subfield>
  </datafield>
  <datafield tag="650" ind1=" " ind2=" ">
    <subfield code="a">Fiction</subfield>
    <subfield code="9">3172</subfield>
  </datafield>
  <datafield tag="942" ind1=" " ind2=" ">
    <subfield code="2">ddc</subfield>
    <subfield code="c">BK</subfield>
    <subfield code="k">808.83,POE</subfield>
  </datafield>
  <datafield tag="999" ind1=" " ind2=" ">
    <subfield code="c">188271</subfield>
    <subfield code="d">188271</subfield>
  </datafield>
  <datafield tag="952" ind1=" " ind2=" ">
    <subfield code="0">0</subfield>
    <subfield code="1">0</subfield>
    <subfield code="2">ddc</subfield>
    <subfield code="4">0</subfield>
    <subfield code="7">0</subfield>
    <subfield code="a">MCS</subfield>
    <subfield code="b">MCS</subfield>
    <subfield code="c">GEN</subfield>
    <subfield code="d">2016-12-12</subfield>
    <subfield code="o">808.83,POE</subfield>
    <subfield code="p">MCS29856</subfield>
    <subfield code="r">2016-12-08</subfield>
    <subfield code="w">2016-12-12</subfield>
    <subfield code="y">BK</subfield>
    <subfield code="z">Almirah No. 57, Shelf No.1</subfield>
  </datafield>
</record>
